000 00325nam a22001457a 4500
008 221108b ||||| |||| 00| 0 eng d
020 _a0470265868
041 _aeng
080 _a159.9
082 _a159.9 NIL
100 _a25
101 _aPSI
245 _aPERSPECTIVES ON MEMORY RESEARCH
_cNILSSON L
942 _2udc
_cBK
999 _c58787
_d58787